000
00304nam a22001217a 4500
008
180919b xxu||||| |||| 00| 0 eng d
041
_a
eng
080
_a
618
100
_a
10
101
_a
GJIN
245
_a
The quick reference Gynecology Handbook: 23 Common Conditions
_c
Hildreth,J.R
942
_2
udc
_c
BK
999
_c
48088
_d
48088